Ciudadanía, migraciones y religión: un diálogo ético desde la fe cristiana
Uloženo v:
| Hlavní autor: | |
|---|---|
| Médium: | Kniha |
| Jazyk: | španělština |
| Vydáno: |
Madrid
San Pablo
2007
|
| Vydání: | 1a. ed |
| Edice: | Teología Comillas, 3
|
| Témata: | |
| Tagy: |
Přidat tag
Žádné tagy, Buďte první, kdo vytvoří štítek k tomuto záznamu!
|
MARC
| LEADER | 00000cam a2200000 a 4500 | ||
|---|---|---|---|
| 001 | UCC4233 | ||
| 003 | CL-VaPUC | ||
| 008 | 180720e20070000sp |||||||||||||||||spa|d | ||
| 020 | |a 9788484682097 | ||
| 082 | 0 | 4 | |a 304.6 |b MAR |2 21 |
| 100 | |a Martínez Martínez, Julio Luis |e autor |9 485780 | ||
| 245 | 1 | 0 | |a Ciudadanía, migraciones y religión: un diálogo ético desde la fe cristiana |
| 250 | |a 1a. ed | ||
| 300 | |a 617 p | ||
| 942 | |c BK | ||
| 945 | |d 20180720 14:27:00 |a dcastane | ||
| 260 | |a Madrid |b San Pablo |c 2007 | ||
| 650 | 7 | |a MIGRACION DE PERSONAS |2 CL-VaPUC |9 357970 | |
| 650 | 0 | |a Ciudadanía |9 258339 | |
| 650 | 0 | |a Aspectos religiosos |9 257320 | |
| 650 | 0 | |a Cristianismo |9 257361 | |
| 583 | |a last modification |c 20180720 14:27:00 |k Rodrigo Vera | ||
| 490 | 0 | |a Teología Comillas, 3 | |
| 999 | |c 371786 |d 371784 | ||
| 952 | |0 0 |1 0 |3 erb |4 0 |6 304_600000000000000_MAR_2007 |7 0 |8 A |9 488982 |a BIBTEO |b BIBTEO |i 5482682 |o 304.6 MAR 2007 |p 5482682 |r 2025-01-17 |w 2019-11-24 |y BK |z Catalogado en:20180720 |k ICR | ||